The desolations of Devil's Acre / (Record no. 358445)
[ view plain ]
| 000 -LEADER | |
|---|---|
| fixed length control field | 01660pam a2200325 i 4500 |
| 001 - CONTROL NUMBER | |
| control field | BK0027006581 |
| 005 - DATE AND TIME OF LATEST TRANSACTION | |
| control field | 20210208161353.0 |
| 008 - FIXED-LENGTH DATA ELEMENTS--GENERAL INFORMATION | |
| fixed length control field | 210126s2020 nyua c 000 1 eng d |
| 010 ## - LIBRARY OF CONGRESS CONTROL NUMBER | |
| LC control number | bl2021001574 |
| 020 ## - INTERNATIONAL STANDARD BOOK NUMBER | |
| International Standard Book Number | 9780735231535 : HRD |
| Terms of availability | 22.99 |
| 020 ## - INTERNATIONAL STANDARD BOOK NUMBER | |
| International Standard Book Number | 0735231532 : HRD |
| Terms of availability | 22.99 |
| 037 ## - SOURCE OF ACQUISITION | |
| Source of stock number/acquisition | Penguin Group USA, Order Processing Dept 120 Woodbine st, Bergenfield, NJ, USA, 07621 |
| Note | SAN 201-3975 |
| 040 ## - CATALOGING SOURCE | |
| Original cataloging agency | NjBwBT |
| Language of cataloging | eng |
| Transcribing agency | NjBwBT |
| Description conventions | rda |
| Modifying agency | IMmBT |
| 050 14 - LIBRARY OF CONGRESS CALL NUMBER | |
| Classification number | PZ7.R4423 |
| Item number | Des 2021 |
| 082 04 - DEWEY DECIMAL CLASSIFICATION NUMBER | |
| Classification number | [Fic] |
| Edition number | 23 |
| 092 ## - LOCALLY ASSIGNED DEWEY CALL NUMBER (OCLC) | |
| Classification number | FIC |
| 100 1# - MAIN ENTRY--PERSONAL NAME | |
| Personal name | Riggs, Ransom, |
| Relator term | author. |
| 9 (RLIN) | 5691235 |
| 245 14 - TITLE STATEMENT | |
| Title | The desolations of Devil's Acre / |
| Statement of responsibility, etc | by Ransom Riggs. |
| 264 #1 - Production, Publication, Distribution, Manufacture, and Copyright Notice. | |
| Place of production, publication, distribution, manufacture | New York : |
| Name of producer, publisher, distributor, manufacturer | Dutton Books, |
| Date of production, publication, distribution, manufacture, or copyr | [2021] |
| 300 ## - PHYSICAL DESCRIPTION | |
| Extent | 503 pages : |
| Other physical details | illustrations (some color) ; |
| Dimensions | 22 cm. |
| 336 ## - Content Type | |
| Content type term | text |
| 337 ## - Media type | |
| Media type term | unmediated |
| 338 ## - Carrier type | |
| Carrier type term | volume |
| 490 1# - SERIES STATEMENT | |
| Series statement | The sixth novel of Miss Peregrine's Peculiar Children |
| 520 ## - SUMMARY, ETC. | |
| Summary, etc | "The last thing Jacob Portman saw before the world went dark was a terrible, familiar face. Suddenly, he and Noor are back in his grandfather's house. Jacob doesn't know how they escaped from V's loop, but he does know one thing for certain: Caul has returned. Risen from the Library of Souls, Caul and his apocalyptic agenda seem unstoppable. Only one hope remains--deliver Noor to the meeting place of the seven prophesied ones, if they can decipher its secret location"-- |
| -- | Provided by publisher. |
| 655 #7 - INDEX TERM--GENRE/FORM | |
| Genre/form data or focus term | Novels. |
| Source of term | lcgft |
| 9 (RLIN) | 6403938 |
| 650 #1 - SUBJECT ADDED ENTRY--TOPICAL TERM | |
| Topical term or geographic name as entry element | Supernatural |
| Form subdivision | Fiction. |
| 9 (RLIN) | 5674229 |
| 650 #1 - SUBJECT ADDED ENTRY--TOPICAL TERM | |
| Topical term or geographic name as entry element | Fantasy. |
| 9 (RLIN) | 6403939 |
| 800 1# - SERIES ADDED ENTRY--PERSONAL NAME | |
| Personal name | Riggs, Ransom. |
| Title of a work | Novel of Miss Peregrine's Peculiar Children ; |
| Volume/sequential designation | 6th. |
| 9 (RLIN) | 5985309 |
| Withdrawn status | Lost status | Source of classification or shelving scheme | Damaged status | Not for loan | Collection code | Home library | Current library | Shelving location | Date acquired | Source of acquisition | Serial Enumeration / chronology | Total Checkouts | Total Renewals | Full call number | Barcode | Date last seen | Date checked out | Cost, replacement price | Price effective from | Koha item type |
|---|---|---|---|---|---|---|---|---|---|---|---|---|---|---|---|---|---|---|---|---|
| Dewey Decimal Classification | Young Adult Fiction | Wasatch County Library | Wasatch County Library | Main Floor Teen Area | 03/26/2021 | Micromarketing | #6 | 9 | 8 | YA Riggs | 34301001672627 | 03/19/2025 | 02/18/2025 | 22.99 | 03/26/2021 | BOOK |
